000 00849nas a2200289 4500
001 BR0204608
003 BR-BrBNA
005 20231205103230.0
007 ta
008 230509b bl.|||p| |||| 00| 00por d
040 _aBR-BrBNA
_bpor
_cBiblioteca Nacional de Agricultura
041 _a(Pt)
072 _aQ53
100 1 _aGaste, L.
100 1 _aMarçal, W.S.
100 1 _aLopes do Nascimento, M.R.
245 1 _aValores de chumbo inorgânico em formulações minerais comercializadas no Estado do Paraná
650 _aRAÇÃO
650 _aBOVINO
650 _aCONTAMINAÇÃO
650 _aCHUMBO
650 _aSAIS MINERAIS
650 _aPARANÁ
773 0 _tArchives of Veterinary Sciences (Brazil)
_xISSN 1517-784X
_g(2002), v. 7(1) p. 43-48
_wBR0204608
909 _a202311
_bLúcia
_c55
_dLúcia Elande
942 _2AGRIS
_n0
_cANA
999 _c171789
_d171789